| 000 | 00000nam 22000008a 4500 |
| 001 | 9.840298 |
| 003 | CaOODSP |
| 005 | 20221107151816 |
| 007 | cr ||||||||||| |
| 008 | 170802s2017 onca os f000 0 eng d |
| 020 | |a978-0-660-09162-4 |
| 040 | |aCaOODSP|beng |
| 043 | |an-cn--- |
| 086 | 1 |aCS11-627/2017-25E-PDF |
| 245 | 00|aImmigrant languages in Canada |h[electronic resource]. |
| 260 | |a[Ottawa] : |bStatistics Canada, |c[2017] |
| 300 | |a[1] p. : |bcol. ill. |
| 500 | |aIssued also in French under title: Les langues immigrantes au Canada. |
| 500 | |aCaption title. |
| 520 | |a"Based on 2016 Census data, the following infographic provides a portrait of immigrant languages in Canada"--Provided by publisher. |
| 651 | 0|aCanada|xCensus, 2016. |
| 692 | 07|2gccst|aImmigrants |
| 692 | 07|2gccst|aForeign languages |
| 692 | 07|2gccst|aCensus data |
| 710 | 2 |aStatistics Canada. |
| 775 | 08|tLes langues immigrantes au Canada |w(CaOODSP)9.840300 |
| 856 | 40|qPDF|s524 KB|uhttps://publications.gc.ca/collections/collection_2017/statcan/11-627-m/11-627-m2017025-eng.pdf |
| 986 | |a11-627-M, no. 2017025 |